Visualizzazione normale
Vista MARC
- Hijas de San Pablo
di Personal Name
Records bibliografici associati: 1
001 - CONTROL NUMBER
- control field: 700
003 - CONTROL NUMBER IDENTIFIER
- control field: IT-RoPau
005 - DATE AND TIME OF LATEST TRANSACTION
- control field: 20130617112359.0
008 - FIXED-LENGTH DATA ELEMENTS
- fixed length control field: 130617|| aca||aabn | a|a d
040 ## - CATALOGING SOURCE
- Original cataloging agency: IT-RoPau
- Transcribing agency: IT-RoPau
100 ## - HEADING--PERSONAL NAME
- Personal name: Hijas de San Pablo
670 ## - SOURCE DATA FOUND
- Source citation: Work cat.: (IT-RoPau): Hijas de San Pablo, Apuntes del primer encuentro Latinoamericano de las Superioras Mayores de las Hijas de San Pablo, 1984